5HLuxD.jpg

KING HENRY VIII SENIOR AND PRIMARY SCHOOL LIBRARY OPAC

WILBUR'S BOOK OF FEELINGS (Record no. 4835)

000 -LEADER
fixed length control field 00266nam a22001097a 4500
008 - FIXED-LENGTH DATA ELEMENTS--GENERAL INFORMATION
fixed length control field 250325b ||||| |||| 00| 0 eng d
082 ## - DEWEY DECIMAL CLASSIFICATION NUMBER
Classification number 823.92 THO
100 ## - MAIN ENTRY--PERSONAL NAME
Personal name THOMAS,VALERIE
245 ## - TITLE STATEMENT
Title WILBUR'S BOOK OF FEELINGS
260 ## - PUBLICATION, DISTRIBUTION, ETC.
Name of publisher, distributor, etc. OXFORD UNIVERSITY PRESS
942 ## - ADDED ENTRY ELEMENTS (KOHA)
Source of classification or shelving scheme
Holdings
Withdrawn status Lost status Source of classification or shelving scheme Damaged status Not for loan Collection code Permanent Location Current Location Shelving location Date acquired Total Checkouts Full call number Barcode Date last seen Date last checked out Price effective from Koha item type Public note
          Fiction KH8 Primary School Library KH8 Primary School Library Fiction 2025-03-25 3 E FIC THO KHPL000006675 2025-12-05 2025-09-30 2025-03-25 Books - Fiction KH8 PRIMARY LIBRARY

Powered By KH8 IT Dept